Catálogo

Vista normal Vista MARC

Entrada Personal Name

Número de registros utilizados en: 1

001 - CONTROL NUMBER

  • control field: 15571

003 - CONTROL NUMBER IDENTIFIER

  • control field: DLC

005 - DATE AND TIME OF LATEST TRANSACTION

  • control field: 20240409105005.0

008 - FIXED-LENGTH DATA ELEMENTS

  • fixed length control field: 810518n| azannaabn |a aaa

010 ## - LIBRARY OF CONGRESS CONTROL NUMBER

  • LC control number: n 81046595
  • Canceled/invalid LC control number: nb 98018212

035 ## - SYSTEM CONTROL NUMBER

  • System control number: (OCoLC)oca00592155

040 ## - CATALOGING SOURCE

  • Original cataloging agency: DLC
  • Language of cataloging: spa
  • Description conventions: rda
  • Transcribing agency: Mx-PuUPA
  • Modifying agency: FMU
  • Modifying agency: DLC
  • Modifying agency: UPB
  • Modifying agency: ScU
  • Modifying agency: Mx-PuUPA

046 ## - SPECIAL CODED DATES

  • Birth date: 19430531
  • Source of date scheme: edtf

100 1# - HEADING--PERSONAL NAME

  • Personal name: Kellner, Douglas,
  • Dates associated with a name: 1943-

370 ## - ASSOCIATED PLACE

  • Place of birth: Washington (D.C.)
  • Source of term: naf

372 ## - FIELD OF ACTIVITY

  • Field of activity: Educación--Filosofía
  • Source of term: lcsh

373 ## - ASSOCIATED GROUP

  • Associated group: Universidad de California, Los Angeles. Escuela de Graduados en Educación y Estudios de la Información
  • Source of term: naf

374 ## - OCCUPATION

  • Occupation: Autor
  • Occupation: Profesor universitario
  • Source of term: lcsh

375 ## - GENDER

  • Gender: hombre

377 ## - ASSOCIATED LANGUAGE

  • Language code: eng

378 ## - FULLER FORM OF PERSONAL NAME

  • Fuller form of personal name: Douglas MacKay

400 1# - SEE FROM TRACING--PERSONAL NAME

  • Personal name: Kellner, Douglas MacKay,
  • Dates associated with a name: 1943-

670 ## - SOURCE DATA FOUND

  • Source citation: Korsch, K. Karl Korsch, c1977.

670 ## - SOURCE DATA FOUND

  • Source citation: Kellner's website at UCLA, 8/21/2003
  • Information found: (Professor, George F. Kneller Philosophy of Education Chair, Social Sciences and Comparative Education, UCLA ; b. May 31, 1943, Washington, DC; researcher in the relevance of new technologies to education, politics, and everyday life, as well as philosophy, social theory, and cultural studies)

670 ## - SOURCE DATA FOUND

  • Source citation: Articulating the global and the local, 1997:
  • Information found: t.p. (Douglas Kellner)

670 ## - SOURCE DATA FOUND

  • Source citation: Media and cultural studies, 2012:
  • Information found: ECIP t.p. (Douglas M. Kellner)

670 ## - SOURCE DATA FOUND

  • Source citation: Media spectacle and insurrection, 2011, 2012:
  • Information found: title page (Douglas Kellner) back cover (Douglas Kellner is the George F. Kneller Philosophy of Education Chair, Graduate School of Education & Information Studies, at UCLA, US)